[Event "N1 Reykjavik Open 2014"]
[Site "Reykjavik, Iceland"]
[Date "2014.03.05"]
[Round "3.75"]
[White "Mehringer, Joerg"]
[Black "Ragnarsson, Dagur"]
[Result "1-0"]
[WhiteElo "1927"]
[BlackElo "2105"]
[PlyCount "61"]
[EventDate "2014.03.04"]

1. e4 e6 2. d4 d5 3. exd5 exd5 4. c4 Nf6 5. Nc3 Be7 6. cxd5 Nxd5 7. Nf3 O-O 8.
Bd3 Be6 9. O-O Nd7 10. Re1 h6 11. Ne5 Nxe5 12. Nxd5 Bxd5 13. dxe5 Qd7 14. Be4
Rad8 15. Bxd5 Qxd5 16. Qg4 Qe6 17. Qe4 Rd5 18. f4 Rfd8 19. Be3 c6 20. Rac1 Rb5
21. b3 a5 22. Qc2 Rbd5 23. Qe4 Ba3 24. Rc2 Rd1 25. Rxd1 Rxd1+ 26. Kf2 Bb4 27.
h3 Qd7 28. Ke2 Re1+ 29. Kf2 Qd1 30. Qc4 Rg1 31. Rc1 1-0

[Event "N1 Reykjavik Open 2014"]
[Site "Reykjavik, Iceland"]
[Date "2014.03.05"]
[Round "3.76"]
[White "Zhang, Fan"]
[Black "de Winter, Eric"]
[Result "1-0"]
[WhiteElo "2104"]
[BlackElo "1804"]
[PlyCount "87"]
[EventDate "2014.03.04"]

1. d4 Nf6 2. Bg5 e6 3. e4 Be7 4. Nd2 b6 5. Ngf3 Bb7 6. Bd3 d5 7. e5 Ne4 8. Bxe7
Qxe7 9. c3 Nxd2 10. Qxd2 Nd7 11. a3 a5 12. Qf4 h6 13. Qg4 O-O-O 14. Nd2 f5 15.
Qe2 Nb8 16. b4 axb4 17. cxb4 Kd7 18. O-O Ke8 19. Rfc1 Kf7 20. Qh5+ g6 21. Qe2
Rc8 22. Nb3 Nd7 23. Qe3 Kg7 24. Rc3 c6 25. Qc1 Rc7 26. Ra2 Rhc8 27. Rac2 g5 28.
Bb5 Nb8 29. Ba4 Kg6 30. b5 g4 31. bxc6 Ba6 32. Nd2 b5 33. Bb3 b4 34. Rc5 bxa3
35. Ba4 Be2 36. Qxa3 Rxc6 37. Bxc6 Rxc6 38. Qc3 Rb6 39. h3 gxh3 40. gxh3 Nd7
41. Rc7 Ra6 42. Qg3+ Kf7 43. Rc8 Ra1+ 44. Kh2 1-0

[Event "N1 Reykjavik Open 2014"]
[Site "Reykjavik, Iceland"]
[Date "2014.03.05"]
[Round "3.77"]
[White "Flodmark, Tarras"]
[Black "Petursson, Gudni"]
[Result "0-1"]
[WhiteElo "1922"]
[BlackElo "2104"]
[PlyCount "80"]
[EventDate "2014.03.04"]

1. d4 Nf6 2. c4 c5 3. Nf3 e6 4. Nc3 cxd4 5. Nxd4 b6 6. Bg5 Bb7 7. a3 d6 8. f3
Be7 9. e4 O-O 10. Qd2 a6 11. Be2 Nbd7 12. b3 Rc8 13. O-O Qc7 14. Rfc1 Rfd8 15.
Be3 Nc5 16. Rab1 g6 17. Bf2 Nh5 18. g4 Nf6 19. Qe3 Ncd7 20. Nd1 Bf8 21. b4 Qb8
22. Nb2 d5 23. Bg3 e5 24. Nb3 dxe4 25. g5 exf3 26. Bxf3 Bxf3 27. Qxf3 Ne8 28.
Nd3 Bg7 29. Rf1 Nd6 30. Qd5 Nf5 31. Qf3 Rxc4 32. Rbe1 Rc3 33. Nbc1 Rxa3 34. Qe4
Nxg3 35. hxg3 Qd6 36. Rf3 Nf8 37. Nxe5 Rxf3 38. Nxf3 Qxg3+ 39. Kf1 Ne6 40. Ne2
Qd6 0-1

[Event "N1 Reykjavik Open 2014"]
[Site "Reykjavik, Iceland"]
[Date "2014.03.05"]
[Round "3.78"]
[White "Robson, Paul E"]
[Black "Bergsson, Stefan"]
[Result "0-1"]
[WhiteElo "1915"]
[BlackElo "2099"]
[PlyCount "106"]
[EventDate "2014.03.04"]

1. e4 e5 2. d4 exd4 3. Nf3 Nf6 4. e5 Nd5 5. Qxd4 Nb4 6. Qe4 N8c6 7. a3 Na6 8.
b4 Nab8 9. Bc4 Be7 10. Nc3 a6 11. Bf4 b5 12. Bd5 Bb7 13. Rd1 O-O 14. O-O Kh8
15. Qf5 f6 16. e6 d6 17. Qh3 g5 18. Be4 f5 19. Bxf5 Rxf5 20. Qxf5 gxf4 21. Qxf4
Qg8 22. Nd5 Bd8 23. Rfe1 Ne7 24. Qf6+ Qg7 25. Qxg7+ Kxg7 26. Nxe7 Bxe7 27. Nd4
Nc6 28. Nf5+ Kf6 29. Nxe7 Kxe7 30. Rd3 Rg8 31. Rg3 Rxg3 32. hxg3 Nd4 33. Re3 c5
34. bxc5 dxc5 35. Re5 c4 36. c3 Nxe6 37. f4 Kd6 38. Rh5 Be4 39. f5 Nc5 40. Rxh7
Bxf5 41. Rh5 Bd3 42. Rh6+ Ke7 43. Rc6 Ne4 44. Rxa6 Nxc3 45. Kf2 Nd5 46. Ke1 c3
47. Ra5 Kd6 48. Kd1 Kc5 49. a4 Kb4 50. Ra7 Kb3 51. Kc1 b4 52. a5 Ka2 53. Rd7 b3
0-1

[Event "N1 Reykjavik Open 2014"]
[Site "Reykjavik, Iceland"]
[Date "2014.03.05"]
[Round "3.79"]
[White "Grove, Michael"]
[Black "Heimisson, Hilmir Freyr"]
[Result "0-1"]
[WhiteElo "2097"]
[BlackElo "1761"]
[PlyCount "58"]
[EventDate "2014.03.04"]

1. e4 e6 2. d4 d5 3. Nc3 Bb4 4. Nge2 dxe4 5. a3 Bxc3+ 6. Nxc3 Nf6 7. Bg5 Bd7 8.
Nxe4 Bc6 9. f3 Nbd7 10. Bd3 Nb6 11. c3 Qe7 12. Qd2 O-O-O 13. O-O h6 14. Bf4
Nfd5 15. Bg3 Nd7 16. c4 N5f6 17. Qa5 Nb6 18. Bf2 Kb8 19. b4 Bxe4 20. fxe4 Ng4
21. d5 exd5 22. cxd5 Qe5 23. g3 Nxf2 24. Kxf2 Qd4+ 25. Ke2 Nxd5 26. Qc5 Nc3+
27. Kf3 Qxd3+ 28. Kg2 Qxe4+ 29. Kh3 Rd5 0-1

[Event "N1 Reykjavik Open 2014"]
[Site "Reykjavik, Iceland"]
[Date "2014.03.05"]
[Round "3.80"]
[White "Wengler, Joerg"]
[Black "Hauksson, Hordur Aron"]
[Result "1/2-1/2"]
[WhiteElo "2080"]
[BlackElo "1756"]
[PlyCount "50"]
[EventDate "2014.03.04"]

1. e4 c5 2. Nc3 d6 3. f4 Nf6 4. Nf3 Nc6 5. Bc4 g6 6. d3 Bg7 7. O-O O-O 8. a3
Rb8 9. a4 Bg4 10. h3 Bxf3 11. Qxf3 Nd4 12. Qf2 a6 13. Be3 b5 14. axb5 axb5 15.
Ba2 b4 16. Nd1 Nd7 17. c3 bxc3 18. bxc3 Nb5 19. Rc1 Qa5 20. d4 cxd4 21. cxd4
Nxd4 22. Bxd4 Bxd4 23. Bxf7+ Rxf7 24. Qxd4 Qb6 25. Qxb6 Rxb6 1/2-1/2

[Event "N1 Reykjavik Open 2014"]
[Site "Reykjavik, Iceland"]
[Date "2014.03.05"]
[Round "3.81"]
[White "Schadd, Jan"]
[Black "Sverrisson, Nokkvi"]
[Result "0-1"]
[WhiteElo "1893"]
[BlackElo "2066"]
[PlyCount "48"]
[EventDate "2014.03.04"]

1. Nf3 Nf6 2. c4 c5 3. Nc3 Nc6 4. g3 g6 5. Bg2 Bg7 6. d3 O-O 7. Bd2 d6 8. Qc1
Re8 9. Bh6 Bh8 10. h4 e5 11. h5 Nxh5 12. Rxh5 gxh5 13. Nd5 Bf5 14. Nh4 Bg6 15.
Be4 Bxe4 16. dxe4 Bf6 17. Qe3 Nd4 18. O-O-O Kh8 19. Rxd4 cxd4 20. Qf3 Bg5+ 21.
Bxg5 Qxg5+ 22. Kc2 f6 23. Nc7 Rac8 24. Nxe8 Rxe8 0-1

[Event "N1 Reykjavik Open 2014"]
[Site "Reykjavik, Iceland"]
[Date "2014.03.05"]
[Round "3.82"]
[White "Szalontay, Mihaly"]
[Black "Pajeken, Jakob Leon"]
[Result "1-0"]
[WhiteElo "2066"]
[BlackElo "1703"]
[PlyCount "103"]
[EventDate "2014.03.04"]

1. e4 e5 2. Nf3 Nc6 3. d4 exd4 4. Nxd4 Nf6 5. Nxc6 bxc6 6. e5 Qe7 7. Qe2 Nd5 8.
c4 Ba6 9. b3 g6 10. g3 Bg7 11. Bb2 O-O 12. Bg2 Rae8 13. O-O Bxe5 14. Qxe5 Qxe5
15. Bxe5 Rxe5 16. cxd5 Bxf1 17. Kxf1 cxd5 18. Nc3 c6 19. Rd1 Rfe8 20. Bf3 f5
21. Ne2 Kf7 22. Rd4 Rb8 23. Ra4 Rb7 24. b4 Re8 25. Nd4 Reb8 26. a3 Kf6 27. Nb3
Re8 28. Ra6 Ke7 29. Ke2 Kd6+ 30. Kd2 h5 31. h4 Ke5 32. Kc3 f4 33. Nc5 Rc7 34.
Nd3+ Kf5 35. Nxf4 Re1 36. Be2 g5 37. hxg5 h4 38. Kd2 Ra1 39. g6 d6 40. Bd3+ Kg4
41. Ne6 Ra2+ 42. Kc3 h3 43. Nxc7 h2 44. g7 h1=Q 45. g8=Q+ Kf3 46. Qf7+ Kg2 47.
Be4+ dxe4 48. Qxa2 Qe1+ 49. Kb3 Qd1+ 50. Qc2 Qf3+ 51. Kb2 Qf6+ 52. Kb1 1-0

[Event "N1 Reykjavik Open 2014"]
[Site "Reykjavik, Iceland"]
[Date "2014.03.05"]
[Round "3.83"]
[White "Stefansson, Vignir Vatnar"]
[Black "Karlsson, Mikael Johann"]
[Result "1/2-1/2"]
[WhiteElo "1844"]
[BlackElo "2051"]
[PlyCount "108"]
[EventDate "2014.03.04"]

1. d4 Nf6 2. c4 e6 3. Nf3 b6 4. g3 Bb7 5. Bg2 d5 6. Nc3 Bb4 7. Qa4+ Nc6 8. Ne5
O-O 9. Nxc6 Bxc3+ 10. bxc3 Qd7 11. Bg5 Bxc6 12. Qc2 Ne4 13. Bf4 f5 14. cxd5
exd5 15. O-O Bb5 16. f3 Nf6 17. Rfe1 Rae8 18. Be5 Qc6 19. a4 Bc4 20. Qxf5 Nd7
21. Qg5 Nxe5 22. dxe5 Qc5+ 23. e3 Qa5 24. Rec1 h6 25. Qh5 Qc5 26. Re1 Qa5 27.
Rac1 Qxa4 28. f4 Qa5 29. Qd1 Qc5 30. Qd4 Qxd4 31. exd4 g5 32. Rf1 c6 33. Rf2 a5
34. Bh3 b5 35. f5 h5 36. f6 g4 37. Bg2 Kf7 38. h3 a4 39. Rf4 Rg8 40. Kf2 a3 41.
hxg4 hxg4 42. Rh1 Bd3 43. Ke3 Bc2 44. Kd2 Bg6 45. Rxg4 a2 46. Rxg6 Rxg6 47.
Rh7+ Kg8 48. Ra7 Rxg3 49. Bf1 Rg1 50. Ke2 Rg3 51. Kd2 Rg1 52. Ke2 Rg3 53. Kd2
Rg1 54. Ke1 Rg3 1/2-1/2

[Event "N1 Reykjavik Open 2014"]
[Site "Reykjavik, Iceland"]
[Date "2014.03.05"]
[Round "3.85"]
[White "Davidsdottir, Nansy"]
[Black "Raddatz, Michael"]
[Result "0-1"]
[WhiteElo "1510"]
[BlackElo "2044"]
[PlyCount "46"]
[EventDate "2014.03.04"]

1. e4 c5 2. Nf3 a6 3. c3 d5 4. exd5 Qxd5 5. d3 Nc6 6. Be3 e5 7. Nbd2 Nf6 8. Nc4
Nd7 9. Be2 Be7 10. O-O O-O 11. Qc2 b5 12. Na3 Qe6 13. Rad1 Bb7 14. d4 cxd4 15.
cxd4 Nb4 16. Qb1 Nd5 17. Nc2 e4 18. Nd2 f5 19. Nb3 f4 20. Bd2 f3 21. gxf3 exf3
22. Bd3 Qg4+ 23. Kh1 Qg2# 0-1

[Event "N1 Reykjavik Open 2014"]
[Site "Reykjavik, Iceland"]
[Date "2014.03.05"]
[Round "3.86"]
[White "Roets, Marius H"]
[Black "Thorsteinsdottir, Gudlaug"]
[Result "1-0"]
[WhiteElo "1437"]
[BlackElo "2056"]
[PlyCount "113"]
[EventDate "2014.03.04"]

1. d4 d5 2. c4 c6 3. Nf3 Nf6 4. Nc3 dxc4 5. a4 Bf5 6. Ne5 e6 7. Nxc4 Na6 8. f3
Nb4 9. e4 Bg6 10. Be3 Be7 11. Be2 c5 12. O-O cxd4 13. Bxd4 Nc6 14. Be3 O-O 15.
a5 Bb4 16. a6 b6 17. Nb5 Qe7 18. Kh1 Rfd8 19. Qa4 h6 20. Rfd1 Bc5 21. Rac1
Rxd1+ 22. Rxd1 Bxe3 23. Nxe3 Qc5 24. Qa3 Nb4 25. Rd4 Nc2 26. Qxc5 bxc5 27. Rd3
Nb4 28. Ra3 Nd7 29. Nc4 e5 30. Ncd6 Kf8 31. Nc7 Rb8 32. Ra5 Ke7 33. Nb7 Nc6 34.
Nd5+ Kf8 35. Ra1 Nd4 36. Bc4 f5 37. Bd3 Bf7 38. Bc4 f4 39. b3 Re8 40. Nc3 Nxb3
41. Bxb3 Bxb3 42. Nb5 Ra8 43. Nc7 Rb8 44. Nb5 Bc4 45. N5d6 Bd3 46. Ra3 c4 47.
Rc3 Nc5 48. Ra3 Ne6 49. Kg1 Nd4 50. Kf2 Nc2 51. Ra5 c3 52. Rc5 Ne3 53. Ke1 Bxa6
54. Rc7 Bxb7 55. Nxb7 c2 56. Kd2 Rd8+ 57. Nxd8 1-0

[Event "N1 Reykjavik Open 2014"]
[Site "Reykjavik, Iceland"]
[Date "2014.03.05"]
[Round "3.87"]
[White "Bekker-Jensen, David"]
[Black "Thorarensen, Adalsteinn"]
[Result "1-0"]
[WhiteElo "2299"]
[BlackElo "1737"]
[PlyCount "81"]
[EventDate "2014.03.04"]

1. d4 d5 2. c4 dxc4 3. Nf3 Nf6 4. e3 e6 5. Bxc4 a6 6. a4 c5 7. O-O Nc6 8. Qe2
Be7 9. Rd1 Qc7 10. dxc5 Bxc5 11. b3 O-O 12. Bb2 Be7 13. Nbd2 Bd7 14. Rac1 Rad8
15. e4 h6 16. e5 Nh7 17. h4 Qb8 18. Qe4 Nb4 19. Nd4 b5 20. axb5 axb5 21. Be2
Rc8 22. Ba3 Rxc1 23. Rxc1 Na2 24. Rc2 Bxa3 25. Rxa2 f5 26. Qd3 b4 27. Nc4 Qc7
28. Rc2 Qb8 29. Nxf5 Bb5 30. Nfd6 Rd8 31. Qg6 Nf8 32. Qf7+ Kh8 33. Nxb5 Qxb5
34. Nxa3 Qxe5 35. Nc4 Qa1+ 36. Kh2 Rc8 37. Qb7 Rxc4 38. Bxc4 Qe5+ 39. g3 Ng6
40. Qc8+ Kh7 41. Qxe6 1-0

[Event "N1 Reykjavik Open 2014"]
[Site "Reykjavik, Iceland"]
[Date "2014.03.05"]
[Round "3.88"]
[White "Holm, Fridgeir K"]
[Black "Berg, Runar"]
[Result "0-1"]
[WhiteElo "1729"]
[BlackElo "2117"]
[PlyCount "77"]
[EventDate "2014.03.04"]

1. d4 Nf6 2. Nf3 e6 3. Bg5 c5 4. e3 Qb6 5. Qc1 Ne4 6. Bh4 Nc6 7. Bd3 d5 8. c3
Bd6 9. O-O O-O 10. Qc2 f5 11. Qe2 c4 12. Bxe4 fxe4 13. Ng5 h6 14. Nh3 Bd7 15.
a4 Rf7 16. f4 exf3 17. Rxf3 Rxf3 18. gxf3 e5 19. Kg2 Rf8 20. Ng1 Na5 21. Bg3
exd4 22. cxd4 Nb3 23. Nc3 Nxa1 24. Nxd5 Qc6 25. e4 Re8 26. Ne3 Bxg3 27. hxg3
Qxa4 28. Qxc4+ Qxc4 29. Nxc4 Rc8 30. Ne3 Nc2 31. Nd5 Kf8 32. Ne2 Bb5 33. Ndc3
Bxe2 34. Nxe2 Nb4 35. f4 Rc2 36. Kf3 Rxb2 37. d5 a5 38. Nd4 a4 39. e5 0-1

[Event "N1 Reykjavik Open 2014"]
[Site "Reykjavik, Iceland"]
[Date "2014.03.05"]
[Round "3.89"]
[White "Ontiveros, John"]
[Black "Knutsson, Larus"]
[Result "1/2-1/2"]
[WhiteElo "1710"]
[BlackElo "2044"]
[PlyCount "68"]
[EventDate "2014.03.04"]

1. d4 d5 2. c4 c6 3. Nc3 Nf6 4. Nf3 dxc4 5. e3 b5 6. a4 b4 7. Na2 a5 8. Bxc4 e6
9. b3 Ba6 10. Qe2 Bxc4 11. Qxc4 Qd5 12. Qc2 Nbd7 13. Bb2 Bd6 14. Nc1 Rc8 15.
Nd3 c5 16. Rc1 O-O 17. dxc5 Nxc5 18. Nxc5 Rxc5 19. Qd2 Rxc1+ 20. Bxc1 Qc6 21.
O-O Ne4 22. Qd3 Nc5 23. Qc4 Qd5 24. Qxd5 exd5 25. Nd4 Be5 26. Nc6 Bc3 27. Nxa5
Ra8 28. Nc6 Nxb3 29. Ne7+ Kf8 30. Nxd5 Rxa4 31. e4 Nd2 32. Nxc3 bxc3 33. Bxd2
cxd2 34. Rd1 Rxe4 1/2-1/2

[Event "N1 Reykjavik Open 2014"]
[Site "Reykjavik, Iceland"]
[Date "2014.03.05"]
[Round "3.90"]
[White "Andersen, Per O"]
[Black "Kolka, Dawid"]
[Result "1-0"]
[WhiteElo "2042"]
[BlackElo "1736"]
[PlyCount "37"]
[EventDate "2014.03.04"]

1. d4 c6 2. Nf3 d5 3. e3 Nf6 4. Bd3 e6 5. Nbd2 Nbd7 6. O-O Bd6 7. Re1 O-O 8. e4
dxe4 9. Nxe4 Nxe4 10. Rxe4 Re8 11. Rh4 Nf8 12. Ng5 h6 13. Qh5 Qc7 14. Ne4 Be7
15. Rg4 Ng6 16. Ng3 e5 17. Rxg6 fxg6 18. Qxg6 Bd7 19. Nh5 1-0

[Event "N1 Reykjavik Open 2014"]
[Site "Reykjavik, Iceland"]
[Date "2014.03.05"]
[Round "3.91"]
[White "Hisnay, Gregory"]
[Black "Sielicki, Tomasz"]
[Result "0-1"]
[WhiteElo "1705"]
[BlackElo "2019"]
[PlyCount "68"]
[EventDate "2014.03.04"]

1. d4 d6 2. e3 g6 3. Bd3 Bg7 4. Ne2 c5 5. O-O Nd7 6. Na3 Ngf6 7. f4 a6 8. c4
O-O 9. Nc2 Qc7 10. Rb1 b5 11. b3 Rb8 12. Bb2 d5 13. Na3 dxc4 14. bxc4 b4 15.
Nc2 a5 16. Ne1 Bb7 17. Ng3 cxd4 18. exd4 e6 19. Qe2 Rfd8 20. Rc1 Nb6 21. Qe5
Qxe5 22. fxe5 Ng4 23. Be2 Ne3 24. Rf2 Bh6 25. Kh1 Rbc8 26. c5 Na4 27. Bf3 Bxf3
28. Nxf3 Ng4 29. Rcc2 Nxb2 30. Rxb2 Nxf2+ 31. Rxf2 Be3 32. Rf1 Bxd4 33. Ne4
Bxc5 34. Nfg5 Be7 0-1

[Event "N1 Reykjavik Open 2014"]
[Site "Reykjavik, Iceland"]
[Date "2014.03.05"]
[Round "3.92"]
[White "Klyszcz, Michael"]
[Black "Halldorsson, Haukur"]
[Result "1-0"]
[WhiteElo "2011"]
[BlackElo "1669"]
[PlyCount "89"]
[EventDate "2014.03.04"]

1. Nf3 d5 2. g3 Nf6 3. Bg2 Bf5 4. c4 c6 5. O-O h6 6. b3 e6 7. Bb2 Bd6 8. d4 b6
9. Nbd2 O-O 10. Re1 Nbd7 11. Rc1 Rc8 12. Ne5 Nb8 13. f3 Nfd7 14. e4 dxe4 15.
fxe4 Nxe5 16. dxe5 Bc5+ 17. Kh1 Bg6 18. Qe2 Bb4 19. Red1 Bxd2 20. Rxd2 Qg5 21.
Rcd1 Rcd8 22. Rd6 Bh5 23. Bf3 Bxf3+ 24. Qxf3 c5 25. Bc1 Qe7 26. Qg4 Kh7 27. h4
Rd7 28. Qh5 Rc8 29. Bg5 Qe8 30. Bf4 Rxd6 31. exd6 Nd7 32. e5 Qf8 33. Qe2 f6 34.
Qe4+ Kh8 35. exf6 Qxf6 36. Re1 Re8 37. Qb7 Qf7 38. Qe4 e5 39. Qe2 Qg6 40. Kh2
Qxd6 41. Qh5 Re6 42. Rd1 Qc6 43. Bxh6 gxh6 44. Qf7 Rd6 45. Qe8+ 1-0

[Event "N1 Reykjavik Open 2014"]
[Site "Reykjavik, Iceland"]
[Date "2014.03.05"]
[Round "3.93"]
[White "Baldvinsson, Loftur"]
[Black "Jonasson, Hordur"]
[Result "1/2-1/2"]
[WhiteElo "2007"]
[BlackElo "1526"]
[PlyCount "100"]
[EventDate "2014.03.04"]

1. e4 e5 2. Nf3 Nc6 3. Bc4 Bc5 4. c3 Qf6 5. b4 Bb6 6. a4 a6 7. d3 h6 8. Be3
Nge7 9. O-O O-O 10. Nbd2 d6 11. b5 Na5 12. Bxb6 cxb6 13. Rb1 Be6 14. bxa6 bxa6
15. Rxb6 Bxc4 16. Nxc4 Nxc4 17. dxc4 Nc8 18. Rc6 Qe7 19. Qd5 Rd8 20. c5 dxc5
21. Qxc5 Qxc5 22. Rxc5 f6 23. h3 Nb6 24. a5 Na4 25. Rc4 Nb2 26. Rb4 Nd3 27. Rc4
Rac8 28. Rxc8 Rxc8 29. Nh4 Rxc3 30. Nf5 Nc5 31. f3 Nb3 32. Rd1 Rc1 33. Rxc1
Nxc1 34. Kf2 Nb3 35. Ne7+ Kf7 36. Nc6 Ke6 37. Nb4 Nxa5 38. Nxa6 Kd6 39. Nb4 Nc4
40. Nd5 Ke6 41. Ke2 Nd6 42. Kd3 g5 43. Ne3 h5 44. g3 f5 45. exf5+ Nxf5 46. g4
hxg4 47. hxg4 Nxe3 48. Kxe3 Kf6 49. Kd3 Ke7 50. Kc3 Kd6 1/2-1/2

[Event "N1 Reykjavik Open 2014"]
[Site "Reykjavik, Iceland"]
[Date "2014.03.05"]
[Round "3.94"]
[White "Morkedal, Oyvind"]
[Black "Svensson, Lars-Ake"]
[Result "0-1"]
[WhiteElo "1704"]
[BlackElo "2007"]
[PlyCount "154"]
[EventDate "2014.03.04"]

1. e4 c5 2. d4 cxd4 3. c3 Nf6 4. e5 Nd5 5. cxd4 e6 6. Nf3 Be7 7. Bd3 Nc6 8. Nc3
Nxc3 9. bxc3 d6 10. exd6 Bxd6 11. O-O Be7 12. Bf4 Bf6 13. Qc2 h6 14. Rad1 Kf8
15. Rfe1 g5 16. Be5 Bxe5 17. dxe5 Qc7 18. Bb5 Bd7 19. Bxc6 Bxc6 20. Nd2 Rc8 21.
Ne4 Bxe4 22. Qxe4 Kg7 23. Qf3 Qe7 24. Rd6 Rc7 25. Red1 Rhc8 26. R6d3 b6 27. Qh5
Rh8 28. Qf3 Rhc8 29. g3 Kg6 30. h4 gxh4 31. Qe4+ Kg7 32. gxh4 Rxc3 33. Rd7 Qf8
34. Qg4+ Kh8 35. Qf4 Qg7+ 36. Kh2 Rg8 37. Qf6 Qxf6 38. exf6 Rc2 39. Rxa7 Rxf2+
40. Kh3 Rf3+ 41. Kh2 Rxf6 42. Rd6 Rf2+ 43. Kh3 Rf3+ 44. Kh2 Rg4 45. Rxb6 Rxh4+
46. Kg2 Rff4 47. Rbb7 Kg7 48. Re7 Kg6 49. Kg3 Rhg4+ 50. Kh3 h5 51. Re8 Ra4 52.
Ree7 Rxa7 53. Rxa7 e5 54. a4 f6 55. a5 Ra4 56. a6 Kf5 57. Ra8 Kf4 58. Kh4 f5
59. Kxh5 e4 60. a7 Ke3 61. Kg5 f4 62. Rb8 Ra5+ 63. Kg4 Rxa7 64. Rb3+ Kd4 65.
Kxf4 Rf7+ 66. Kg3 e3 67. Rb8 Kd3 68. Rd8+ Ke2 69. Re8 Rg7+ 70. Kf4 Rf7+ 71. Kg3
Kd2 72. Rd8+ Ke1 73. Re8 e2 74. Kg2 Rg7+ 75. Kh2 Rd7 76. Kg2 Kd1 77. Kf2 Rf7+
0-1

[Event "N1 Reykjavik Open 2014"]
[Site "Reykjavik, Iceland"]
[Date "2014.03.05"]
[Round "3.95"]
[White "Steingrimsson, Karl Egill"]
[Black "Murray, Michael A"]
[Result "0-1"]
[WhiteElo "1663"]
[BlackElo "2004"]
[PlyCount "56"]
[EventDate "2014.03.04"]

1. e4 Nc6 2. Nf3 e6 3. d4 d5 4. e5 f6 5. c3 fxe5 6. dxe5 Bc5 7. Bb5 Nge7 8. Bg5
O-O 9. O-O Bd7 10. Bh4 Nxe5 11. Nxe5 Bxb5 12. Re1 Qe8 13. b4 Bd6 14. a4 Bd7 15.
Nd2 Ng6 16. Nxd7 Qxd7 17. Bg3 Bxg3 18. hxg3 e5 19. Nf3 Rfe8 20. Qb3 c6 21. Rad1
Qf7 22. Re2 e4 23. Nd4 Ne5 24. Qc2 Qh5 25. f3 exf3 26. gxf3 Nxf3+ 27. Nxf3 Qxf3
28. Rg2 Qe3+ 0-1

[Event "N1 Reykjavik Open 2014"]
[Site "Reykjavik, Iceland"]
[Date "2014.03.05"]
[Round "3.96"]
[White "Nordquelle, Daniel"]
[Black "Haraldsson, Oskar"]
[Result "1-0"]
[WhiteElo "1654"]
[BlackElo "1897"]
[PlyCount "67"]
[EventDate "2014.03.04"]

1. e4 c5 2. c3 e6 3. d4 d5 4. exd5 Qxd5 5. Nf3 Nf6 6. Be2 Be7 7. Be3 cxd4 8.
cxd4 O-O 9. O-O Nc6 10. Nc3 Qa5 11. a3 a6 12. b4 Qd8 13. Qb3 b5 14. Rfd1 Nd5
15. Nxd5 exd5 16. Ne5 Nxe5 17. dxe5 Be6 18. Bf3 Qc7 19. Bf4 d4 20. Qb2 Rad8 21.
Rxd4 Rxd4 22. Qxd4 Rd8 23. Qb2 Qc4 24. Be3 h6 25. Rc1 Qd3 26. h3 Bc4 27. Rd1
Qb3 28. Rxd8+ Bxd8 29. Qxb3 Bxb3 30. Bd2 Be7 31. Bb7 a5 32. bxa5 Bxa3 33. Be3
Bb2 34. a6 1-0

[Event "N1 Reykjavik Open 2014"]
[Site "Reykjavik, Iceland"]
[Date "2014.03.05"]
[Round "3.97"]
[White "Kilthau, Peter"]
[Black "Bragason, Gudmundur Agnar"]
[Result "1-0"]
[WhiteElo "1886"]
[BlackElo "1349"]
[PlyCount "77"]
[EventDate "2014.03.04"]

1. e4 e5 2. Nf3 Nc6 3. Bc4 Bc5 4. O-O Nge7 5. c3 d5 6. exd5 Nxd5 7. b4 Bb6 8.
Re1 Bg4 9. d4 O-O 10. dxe5 Be6 11. Bg5 Nde7 12. Na3 Qxd1 13. Raxd1 Bg4 14. Be2
Ng6 15. Nc4 h6 16. b5 Bxf3 17. Bxf3 Na5 18. Nxb6 cxb6 19. Bc1 Rfe8 20. e6 fxe6
21. Bh5 Kh7 22. Rd4 e5 23. Rd6 Nf8 24. Bxe8 Rxe8 25. Re4 Rc8 26. Rd3 Rc5 27. a4
Ng6 28. g3 a6 29. Be3 Rc4 30. Rxc4 Nxc4 31. Bc1 Nf8 32. f4 exf4 33. Bxf4 Ne6
34. Be3 Nb2 35. Rd6 Nf8 36. bxa6 bxa6 37. Bxb6 Nxa4 38. Bd4 a5 39. Ra6 1-0

[Event "N1 Reykjavik Open 2014"]
[Site "Reykjavik, Iceland"]
[Date "2014.03.05"]
[Round "3.99"]
[White "Thorhallsson, Simon"]
[Black "Johannsdottir, Johanna Bjorg"]
[Result "1-0"]
[WhiteElo "1636"]
[BlackElo "1865"]
[PlyCount "83"]
[EventDate "2014.03.04"]

1. d4 d5 2. c4 c6 3. Nf3 Nf6 4. Nc3 e6 5. e3 Nbd7 6. Bd3 dxc4 7. Bxc4 b5 8. Bd3
a6 9. e4 c5 10. e5 cxd4 11. Nxb5 axb5 12. exf6 gxf6 13. O-O Bb7 14. Bxb5 Rg8
15. g3 e5 16. Re1 Be7 17. Nxd4 exd4 18. Qxd4 Ra5 19. Qb4 Rxb5 20. Qxb5 Qb6 21.
Qxb6 Nxb6 22. Be3 Nc4 23. f4 Nxe3 24. Rxe3 Kf8 25. Rc1 f5 26. Rxe7 Kxe7 27.
Rc7+ Ke6 28. Rxb7 Rd8 29. a4 Rd2 30. a5 Kd6 31. a6 Rd1+ 32. Kg2 Ra1 33. a7 Ke6
34. b4 Kf6 35. b5 Kg6 36. b6 Kh5 37. Rb8 Ra2+ 38. Kh3 h6 39. a8=Q Rxa8 40. Rxa8
f6 41. b7 Kg6 42. b8=Q 1-0

[Event "N1 Reykjavik Open 2014"]
[Site "Reykjavik, Iceland"]
[Date "2014.03.05"]
[Round "3.101"]
[White "Petersson, Baldur Teodor"]
[Black "Kristinardottir, Elsa Maria"]
[Result "1-0"]
[WhiteElo "1624"]
[BlackElo "1822"]
[PlyCount "97"]
[EventDate "2014.03.04"]

1. e4 c6 2. d4 d5 3. Nc3 dxe4 4. Nxe4 Nf6 5. Nxf6+ exf6 6. c3 Bd6 7. Bd3 O-O 8.
Ne2 Bg4 9. O-O Qc7 10. h3 Bh5 11. Be3 Re8 12. Qd2 Nd7 13. Rfe1 Bg6 14. Nf4 Bxd3
15. Nxd3 f5 16. Bf4 Nf6 17. Bxd6 Qxd6 18. Qf4 Qxf4 19. Nxf4 Re4 20. Nd3 Rae8
21. f3 Re2 22. Kf1 Rd2 23. Rxe8+ Nxe8 24. Re1 Kf8 25. Ne5 f6 26. Nc4 Rc2 27.
Re2 Rc1+ 28. Re1 Rxe1+ 29. Kxe1 f4 30. Kd2 Ke7 31. Kd3 b5 32. Na5 Kd7 33. Nb7
f5 34. Nc5+ Ke7 35. b3 Nf6 36. c4 g5 37. Na6 bxc4+ 38. bxc4 h5 39. c5 Kd8 40.
Nb4 Kd7 41. Kc4 g4 42. d5 Ne4 43. dxc6+ Ke6 44. fxe4 fxe4 45. c7 Kd7 46. c6+
Kc8 47. Nd5 f3 48. Kc5 fxg2 49. Kd6 1-0

[Event "N1 Reykjavik Open 2014"]
[Site "Reykjavik, Iceland"]
[Date "2014.03.05"]
[Round "3.102"]
[White "Davidsson, Oskar Vikingur"]
[Black "Hansen, Erle Andrea Marki"]
[Result "0-1"]
[WhiteElo "1404"]
[BlackElo "1810"]
[PlyCount "110"]
[EventDate "2014.03.04"]

1. e4 c5 2. c3 g6 3. d4 cxd4 4. cxd4 Bg7 5. Nc3 d6 6. Bf4 Nc6 7. Bb5 Bd7 8. Nf3
a6 9. Be2 Qb6 10. Qc2 Nxd4 11. Nxd4 Qxd4 12. O-O Rc8 13. Rfd1 Qb4 14. a3 Qa5
15. Bd2 Nf6 16. Qb3 Qc7 17. Rac1 Qb8 18. Bf4 O-O 19. Bg5 Be6 20. Qb4 Rfe8 21.
Bf3 Rc4 22. Qb6 Nd7 23. Qe3 f6 24. Bf4 Rec8 25. Be2 R4c7 26. Nd5 Bxd5 27. exd5
Rxc1 28. Rxc1 Rxc1+ 29. Qxc1 Nf8 30. Bg4 f5 31. Be2 Bf6 32. g4 Qd8 33. Bg5 e5
34. Bh6 f4 35. Bxf8 Kxf8 36. Qc3 Kg7 37. Qb4 Qc7 38. Qc4 Qa5 39. Qc1 Bh4 40.
Bf3 Qb6 41. Qc2 Qa5 42. Qc1 Kf7 43. Qd1 Qc5 44. Qd2 Qc4 45. Be2 Qe4 46. Qd3 Qd4
47. Qxd4 exd4 48. f3 Kf6 49. Kf1 Ke5 50. Bd3 Kxd5 51. Be4+ Kc4 52. Bxb7 a5 53.
b4 axb4 54. axb4 d3 55. Ba6+ Kc3 0-1

[Event "N1 Reykjavik Open 2014"]
[Site "Reykjavik, Iceland"]
[Date "2014.03.05"]
[Round "3.105"]
[White "Barthel, Ansgar"]
[Black "Lee, Gudmundur Kristinn"]
[Result "1-0"]
[WhiteElo "2229"]
[BlackElo "1649"]
[PlyCount "67"]
[EventDate "2014.03.04"]

1. e4 e6 2. d4 d5 3. Nc3 Bb4 4. e5 Ne7 5. Nf3 c5 6. dxc5 Bxc5 7. Bd3 Nbc6 8.
O-O Ng6 9. Re1 a6 10. a3 b5 11. b4 Ba7 12. Bb2 Bb7 13. Ne2 Rc8 14. Ned4 Nxd4
15. Bxd4 Bxd4 16. Nxd4 Qh4 17. a4 O-O 18. Bxg6 fxg6 19. Qd2 Qf4 20. Re3 Rce8
21. axb5 axb5 22. Nxb5 Ra8 23. Rae1 Qc4 24. Nd4 Ra2 25. Rc1 Bc8 26. Qc3 Bd7 27.
Qxc4 dxc4 28. Rc3 Rc8 29. Rb1 Ra4 30. f4 Kf7 31. Kf2 Rc7 32. Ke3 Bc8 33. Nb5
Rc6 34. Rxc4 1-0